| 000 | 00967nac a22002051u 4500 | ||
|---|---|---|---|
| 008 | 090318s2004 xxu||||| |||| 00| 0 ara d | ||
| 020 | _a9770910902 | ||
| 082 |
_a320.941 _bس ي ل |
||
| 100 | 1 |
_aسيلك ، بول _920313 |
|
| 245 |
_aكيف يعمل البرلمان؟ / _cبول سيلك ، رودرى والترز ؛ تعريب على الصاوى |
||
| 260 |
_aالقاهرة : _bمكتبة الشروق الدولية ،2004 _c2004. |
||
| 300 |
_a431 ص ؛ _c20 سم. |
||
| 500 | _aيحتوى على فهارس | ||
| 511 | _aCatalogued by: Sara | ||
| 651 |
_921753 _aبريطانيا _xالهيئات التشريعية |
||
| 700 |
_920344 _aوالترز ، رودرى |
||
| 700 |
_920345 _aالصاوى ، على _eتعريب |
||
| 942 |
_cBB _k320.941س ي ل _2ddc |
||
| 999 |
_c5576 _d5576 |
||